000
00295nam a2200121Ia 4500
008
220216s9999 xx 000 0 und d
100
_a
Pathak A G
245
0
_a
Tyre production in terms of tonnage
260
_b
Rubber Asia
_c
1994
300
_a
93-100
650
_a
Tyre production
942
_c
JS
999
_c
71671
_d
71671